000 00281nam a22001097a 4500
008 170123b xxu||||| |||| 00| 0 eng d
020 _a9780803608023
041 _aeng
080 _22ND
_a618.2
245 _a[SYCHOSOCIAL NURSING FOR GEENRALPATIENT CARE
_cGORMAN, L.M
942 _2udc
_cBK
999 _c3420
_d3420